The TNIV and gender-neutral Bible controversy / (Record no. 11314)
[ view plain ]
| 000 -LEADER | |
|---|---|
| fixed length control field | 01001cam a2200313 a 4500 |
| 001 - CONTROL NUMBER | |
| control field | 62090913 |
| 003 - CONTROL NUMBER IDENTIFIER | |
| control field | OCoLC |
| 005 - DATE AND TIME OF LATEST TRANSACTION | |
| control field | 20250306040738.0 |
| 008 - FIXED-LENGTH DATA ELEMENTS--GENERAL INFORMATION | |
| fixed length control field | 050425s2004 tnua b 001 0 eng d |
| 010 ## - LIBRARY OF CONGRESS CONTROL NUMBER | |
| LC control number | 2005273964 |
| 020 ## - INTERNATIONAL STANDARD BOOK NUMBER | |
| International Standard Book Number | 0805431934 (pbk.) |
| 020 ## - INTERNATIONAL STANDARD BOOK NUMBER | |
| International Standard Book Number | 9780805431933 (pbk.) |
| 035 ## - SYSTEM CONTROL NUMBER | |
| System control number | (OCoLC)62090913 |
| 040 ## - CATALOGING SOURCE | |
| Original cataloging agency | BCT |
| Transcribing agency | BCT |
| Modifying agency | DLC |
| -- | BAKER |
| 042 ## - AUTHENTICATION CODE | |
| Authentication code | lccopycat |
| 050 ## - LIBRARY OF CONGRESS CALL NUMBER | |
| Classification number | 220.15 |
| Item number | P892T |
| 082 ## - DEWEY DECIMAL CLASSIFICATION NUMBER | |
| Classification number | 220.15 |
| Item number | P892T |
| 092 ## - LOCALLY ASSIGNED DEWEY CALL NUMBER (OCLC) | |
| Classification number | 220.15 |
| Item number | P892T |
| 100 1# - MAIN ENTRY--PERSONAL NAME | |
| Personal name | Poythress, Vern S |
| 9 (RLIN) | 450 |
| 245 14 - TITLE STATEMENT | |
| Title | The TNIV and gender-neutral Bible controversy / |
| Statement of responsibility, etc. | Vern Poythress, Wayne A. Grudem |
| 260 ## - PUBLICATION, DISTRIBUTION, ETC. | |
| Place of publication, distribution, etc. | Nashville, Tenn. : |
| Name of publisher, distributor, etc. | Broadman & Holman Publishers, |
| Date of publication, distribution, etc. | c2004 |
| 300 ## - PHYSICAL DESCRIPTION | |
| Extent | xxxiii, 494 p. : |
| Other physical details | ill. ; |
| Dimensions | 23 cm |
| 504 ## - BIBLIOGRAPHY, ETC. NOTE | |
| Bibliography, etc. note | Includes bibliographical references and indexes |
| 630 00 - SUBJECT ADDED ENTRY--UNIFORM TITLE | |
| Uniform title | Bible |
| General subdivision | Translating |
| 9 (RLIN) | 451 |
| 630 00 - SUBJECT ADDED ENTRY--UNIFORM TITLE | |
| Uniform title | Bible. |
| Language of a work | English |
| General subdivision | Versions |
| 9 (RLIN) | 452 |
| 650 #0 - SUBJECT ADDED ENTRY--TOPICAL TERM | |
| Topical term or geographic name entry element | Nonsexist language |
| General subdivision | Religious aspects |
| -- | Christianity |
| 9 (RLIN) | 453 |
| 700 1# - ADDED ENTRY--PERSONAL NAME | |
| Personal name | Grudem, Wayne A |
| 9 (RLIN) | 454 |
| 942 ## - ADDED ENTRY ELEMENTS (KOHA) | |
| Source of classification or shelving scheme | Dewey Decimal Classification |
| Koha item type | Books |
| Withdrawn status | Lost status | Source of classification or shelving scheme | Damaged status | Not for loan | Collection code | Home library | Current library | Shelving location | Date acquired | Total Checkouts | Full call number | Barcode | Date last seen | Price effective from | Koha item type |
|---|---|---|---|---|---|---|---|---|---|---|---|---|---|---|---|
| Dewey Decimal Classification | Non-fiction | Harvest Mission College | Harvest Mission College | General Stacks | 06.03.2025 | 220.15 P892T | 013281 | 06.03.2025 | 06.03.2025 | Books |
